An Introduction to safety at sea / (Record no. 4478)

000 -LEADER
fixed length control field 00430nam a22001577a 4500
008 - FIXED-LENGTH DATA ELEMENTS--GENERAL INFORMATION
fixed length control field 200806b ||||| |||| 00| 0 eng d
082 00 - DEWEY DECIMAL CLASSIFICATION NUMBER
Classification number 623.888
Item number B9351
100 ## - MAIN ENTRY--PERSONAL NAME
9 (RLIN) 3572
Personal name Bull, J. W.
245 10 - TITLE STATEMENT
Title An Introduction to safety at sea /
250 ## - EDITION STATEMENT
Edition statement 1st ed.
260 ## - PUBLICATION, DISTRIBUTION, ETC. (IMPRINT)
Place of publication, distribution, etc Glasgow:
Name of publisher, distributor, etc Ferguson,
Date of publication, distribution, etc 1966.
300 ## - PHYSICAL DESCRIPTION
Extent x, 88 p.
650 #0 - SUBJECT ADDED ENTRY--TOPICAL TERM
Topical term or geographic name as entry element Ships Safety measures
Topical term or geographic name as entry element Ships--Safety regulations
942 ## - ADDED ENTRY ELEMENTS (KOHA)
Item type Books
Holdings
Withdrawn status Lost status Source of classification or shelving scheme Damaged status Not for loan Permanent location Current location Date acquired Full call number Barcode Date last seen Koha item type
          IMU Kolkata IMU Kolkata 2020-08-06 623.888 B9351 08083 2020-08-06 Books
Designed and Maintained by IMU-KC Library, Kolkata Campus © Copyright All Rights Reserved

webs counters

Powered by Koha